Normal view MARC view

Entry Personal Name

Number of records used in: 1

001 - CONTROL NUMBER

  • control field: 14068

003 - CONTROL NUMBER IDENTIFIER

  • control field: dpl

005 - DATE AND TIME OF LATEST TRANSACTION

  • control field: 20100816150539.0

008 - FIXED-LENGTH DATA ELEMENTS

  • fixed length control field: 100816|||a|||||| | ||| d

040 ## - CATALOGING SOURCE

  • Original cataloging agency: dpl
  • Transcribing agency: dpl

100 ## - HEADING--PERSONAL NAME

  • Personal name: Pandit, M. P.

670 ## - SOURCE DATA FOUND

  • Source citation: Work cat.: (dpl): Champaklal's treasures /, 2008

670 ## - SOURCE DATA FOUND

  • Source citation: Work cat.: (dpl): Champaklal's treasures /, 2008

© Delhi Public Library
Hit Counter
free hit counter